007890000a220013300045001000021000002450087000213000063001085000077001715200269002487730023005179420008005409520090005489990017006381 aChiquete, Daniel10aGratuidad que fluye : Algunas consideraciones sobre el agua en el Nuevo Testamento aVol.26, núm.1 (Primer semestre, 2006), Páginas 113-130 aVicerrector y profesor de la Escuela de Ciencias Teológicas en la UBL. aEs sorprendente la cantidad de referencias al agua que se encuentran en el Nuevo Testamento (alrededor de 430). El agua, elemento indispensable para la vida, es percibida y expresada por los autores de los textos sagrados en diversas dimensiones y circunstancias.0 tVida y Pensamiento cANA 001040708HEMaFUSBCbFUSBCd2016-01-26l0o r2016-01-26 00:00:00w2016-01-26yANA c61529d61529